Sablier en sable coloré (Record no. 154)

MARC details
000 -LEADER
Leader 00608npm a2200145 4500
003 - IDENTIFIANT DE NUMÉRO DE CONTRÔLE
champ de contrôle OSt
005 - DATE ET HEURE DE LA DERNIÈRE TRANSACTION
champ de contrôle 20250405160000.0
008 - Éléments de longueur fixe - Renseignements généraux
Leader 250325b |||||||| |||| 00| 0 fre d
040 ## - SOURCE DE CATALOGAGE
Agence transcriptrice autismepaimpol.fr
245 ## - Titre
Titre Sablier en sable coloré
246 ## - Pour qui ? Pour quoi ?
Pour quoi ? Pour qui ? écoulement de 5 mn
942 ## - Type d'objet
Type d'objet Matériel sensoriel
500 ## - Description
Description Regarder s'écouler le sable peut-être particulièrement fascinant. Cela peut stimuler un besoin sensoriel tout en aidant à évaluer les durées.
520 ## - Abrégé
Abrégé Il fait office de timer (aide à comprendre et accepter l'écoulement d'un temps en s'appuyant sur la force visuelle de la personne autiste).
999 ## -
-- 154
-- 154
Holdings
Statut retiré des collections Statut perdu Source de classification / plan de classement Statut endommagé Exclu du prêt Site de rattachement Site actuel Date d'acquisition Total des prêts Code à barres Vu en dernier Prix effectif de Type de document Koha
    Classification décimale de Dewey     Autisme Paimpol - Matériel Autisme Paimpol - Matériel 25/03/2025   90 25/03/2025 25/03/2025 Matériel sensoriel

Powered by Koha